00410 2200157 4500001002100000005001500021035002000036245006000056100001600116300002800132260003600160082000800196084001400204020002200218990001200240INLIS00000000000315120251126094339 a0010-11250000121 aKumpulan Cerpen :bSekolah Kolong Langit /cAfifah Afra0 aAfifah Afra a224 hlm ;c14,5 x 21 cm aSemarang :bpm-publisher,c2011 a810 a810 AFI k a978-602-97487-4-1 a0754531